| 000 | 00648nam a22001817a 4500 | ||
|---|---|---|---|
| 005 | 20231115085709.0 | ||
| 008 | 231115b |||||||| |||| 00| 0 eng d | ||
| 020 | _a9783939886037 ; 9789991684994 | ||
| 041 | _aEnglish | ||
| 082 | _a344.4 ENV | ||
| 100 | _lEnglish | ||
| 245 |
_aEnvironmental Law and Policy in Namibia : _bTowards Making Africa The Tree of Life / _cedited by OC Ruppel and K Ruppel-Schlichting |
||
| 250 | _aSecond Edition | ||
| 260 |
_aWindhoek : _bEnvironmental Law and Policy in Namibia, _c2013 |
||
| 300 |
_bxliv, 571 pages ; _c25 cm. |
||
| 650 |
_aLegal practice _bLaw |
||
| 942 |
_cBK _6ALISON_BN_VRIES |
||
| 999 |
_c660 _d660 |
||